MARC
| LEADER | 00000 a a2200000 04500 | ||
|---|---|---|---|
| 001 | 8098 | ||
| 003 | |||
| 040 | |||
| 100 | |a Jiménez, Emmanuel Y. | ||
| 245 | |a Inversión en los jóvenes / |c Emmanuel Y. Jiménez | ||
| 650 | |a PAISES EN DESARROLLO | ||
| 650 | |a JUVENTUD | ||
| 650 | |a INVERSIONES | ||
| 700 | |a Murthi, Mamta | ||
| 773 | |g volumen 43, número 3; páginas 40-43 | ||
| 999 | |c 22436 |d 22436 | ||
